Una meditación sobre la juventud y la cultura /

Đã lưu trong:
Chi tiết về thư mục
Tác giả chính: Martínez Moreno, Carlos
Định dạng: Texto
Các nhãn: Thêm thẻ
Không có thẻ, Là người đầu tiên thẻ bản ghi này!

MARC

LEADER 00000 a a2200000 04500
001 15473
003
040
100 |a Martínez Moreno, Carlos  
245 |a Una meditación sobre la juventud y la cultura /  |c Carlos Martínez Moreno 
773 |g número 1; páginas 11-43  
999 |c 29825  |d 29825